ASP. Net 3.5 SPI in C#and VB (Record no. 4649)

MARC details
000 -LEADER
fixed length control field 00320nam a2200133Ia 4500
008 - FIXED-LENGTH DATA ELEMENTS--GENERAL INFORMATION
fixed length control field 191201s2010 xx 000 0 und d
100 ## - MAIN ENTRY--PERSONAL NAME
Personal name EVJEN,Bill
245 #0 - TITLE STATEMENT
Title ASP. Net 3.5 SPI in C#and VB
250 ## - EDITION STATEMENT
Edition statement rep
260 ## - PUBLICATION, DISTRIBUTION, ETC. (IMPRINT)
Place of publication, distribution, etc N. delhi
Name of publisher, distributor, etc Wrox wiley india
Date of publication, distribution, etc 2010
300 ## - PHYSICAL DESCRIPTION
Extent 1792
650 ## - SUBJECT ADDED ENTRY--TOPICAL TERM
Topical term or geographic name as entry element B.Tech(CSE)
942 ## - ADDED ENTRY ELEMENTS (KOHA)
Source of classification or shelving scheme Dewey Decimal Classification
Koha item type Text Books
Holdings
Withdrawn status Lost status Source of classification or shelving scheme Damaged status Not for loan Collection code Home library Current library Date acquired Source of acquisition Cost, normal purchase price Bill Number Total Checkouts Full call number Acc. no. / Barcode Date last seen Bill Date Koha item type Checked out Date last borrowed
    Dewey Decimal Classification     B.Tech(CSE) PIET C-LIBRARY PIET C-LIBRARY 08/09/2010 J B C, New Delhi 699.00 IS-1129   006.76 EVP 16338 04/12/2019 04/09/2010 Text Books    
    Dewey Decimal Classification     B.Tech(CSE) PIET C-LIBRARY PIET C-LIBRARY 08/09/2010 J B C, New Delhi 699.00 IS-1129   006.76 EVP 16339 04/12/2019 04/09/2010 Text Books    
    Dewey Decimal Classification     B.Tech(CSE) PIET C-LIBRARY PIET C-LIBRARY 08/09/2010 J B C, New Delhi 699.00 IS-1129 1 006.76 EVP 16340 05/12/2020 04/09/2010 Text Books 03/06/2021 05/12/2020
    Dewey Decimal Classification     B.Tech(CSE) PIET C-LIBRARY PIET C-LIBRARY 08/09/2010 J B C, New Delhi 699.00 IS-1129   006.76 EVP 16341 04/12/2019 04/09/2010 Reference Books    
    Dewey Decimal Classification     B.Tech(CSE) PIET C-LIBRARY PIET C-LIBRARY 08/09/2010 J B C, New Delhi 699.00 IS-1129   006.76 EVP 16342 04/12/2019 04/09/2010 Text Books    

Design & Developed by: PIET Central Library
R70 Miles Stone Pattikalyana Samalkha Panipat 132102
mail ID :- [email protected], Phone No:- 0180-2569700 Ex.216